zpět

Detail výsledku týmu

Pizzerie Lišov, Lišov

Datum a čas kvízu

26.5 Celkem bodů Celkový počet nahraných bodů na tomto kvízu bez doplňovacích otázek.
10. Pořadí na kvízu Konečné umístění týmu na tomto kvízu.

Zaznamenané odpovědi

# Otázka Odpověď Body Výsledky
1. Minulý týden vykonal Miloš Zem... Štrbské pleso 1
2. Rada kalifornského města South... pávi 0
3. Letošní předávání hudebních ce... Harry Styles, One Direction 1
4. Autem roku 2023 v České republ... C) Honda Civic 0
5. Ve středu začalo v německém Ob... v biatlonu 0
6. Toto téma vyhrálo minulý týden... Wednesday 1
7. Promlčeno je film Roberta Sedl... Karel Roden 1
8. Které tvrzení o filmu Top Gun:... C 0
9. Příběhem které firmy založené... Spotify 0
10. Jak se jmenuje tato seriálová... Chlap 1